LEADER 00700nam a2200193 i 4500 001 000000235610 003 CaOOAMICUS 005 20141111000000.0 008 141111s1836 it u000 u fre u 013 $a214514 040 $aSeMil$bita 245 10$aTome 3. 300 $aVII, 573 p. 773 0 $aHenrion, Mathieu-Richard-Auguste <1805-1862>$tHistoire générale de l'Église pendant les 18. et 19. siècles.$dParis : Bureau de la Bibliothèque ecclésiastique, 1836.$g3$w()30927 850 $aSeMil 852 $aSeMil$W1$xVenegono$y1$m3B III 12 FA$j185956$B185956$CSeMilBibl$Z2$F196850 $8I 941 1 $a10 961 $aRecupero: Mantegazza 996 $6245$aTome 3$9(OLS)http://semarc/title/1575 LEADER 00912nab a2200145 i 4500 001 000000275836 003 CaOOAMICUS 005 19980921000000.0 008 980921n xx uu u0 0und r 013 $a25259 040 $aSeMil$bita 245 10$a"Egalitarian" Ideology, Leadership, and Factional Conflict within the Matthean Group ; The Problem Tongues in 1 Corinthians 14 ; Paul's Riposte and Praise of the Thessalonians ; Become Such as I Am :$bPaul in the Acts of the Apostles. - Titoli da cop. 500 $aWinter 1997. 773 0 $t[1997].$dSouth Orange (New Jersey) : Biblical Theology Bulletin, copyr. 1997.$w()204957 996 $6245$a"Egalitarian" Ideology, Leadership, and Factional Conflict within the Matthean Group ; The Problem Tongues in 1 Corinthians 14 ; Paul's Riposte and Praise of the Thessalonians ; Become Such as I Am :$bPaul in the Acts of the Apostles. - Titoli da cop.$9(OLS)http://semarc/title/361629 LEADER 00910nab a2200145 i 4500 001 000000275914 003 CaOOAMICUS 005 20110810000000.0 008 110810n xx uu u0 0und r 013 $a25358 040 $aSeMil$bita 245 10$aGod's Work in the Secular World ; Love Between Women :$bA Context for Theology ; The Gospel and Same-Gender Relationships ; Presbyterian Guidelines for Biblical Interpretation : Their Origin and Application to Homosexuality. - Titoli dalla copertina. 500 $aWinter 2007. 773 0 $t[2007].$dSouth Orange (New Jersey) : Biblical Theology Bulletin, copyr. 2007.$w()205267 996 $6245$aGod's Work in the Secular World ; Love Between Women :$bA Context for Theology ; The Gospel and Same-Gender Relationships ; Presbyterian Guidelines for Biblical Interpretation : Their Origin and Application to Homosexuality. - Titoli dalla copertina.$9(OLS)http://semarc/title/361693